Analysis of the Accounting Aspects of the Liquidation of a Company
Likvidácia spoločnosti je poslednou vlastníckou transakciou, ktorá je súčasťou existencie spoločnosti. Likvidácia je dlhodobý a náročný proces vedúci ku koncu existencie spoločnosti. Napriek negatívnemu vnímaniu je likvidácia prirodzenou súčasťou existencie obchodnej spoločnosti. Povinnosti účtovnej...
Salvato in:
| Autore principale: | |
|---|---|
| Natura: | Capitolo di libro |
| Lingua: | inglese |
| Soggetti: | |
| Tags: |
Nessun Tag, puoi essere il primo ad aggiungerne!!
|
MARC
| LEADER | 00000naa$a2200000$$$4500 | ||
|---|---|---|---|
| 001 | 0298249 | ||
| 005 | 20241218092535.7 | ||
| 041 | 0 | |a eng | |
| 044 | |a SK | ||
| 245 | 1 | 0 | |a Analysis of the Accounting Aspects of the Liquidation of a Company |c Martina Podmanická |
| 520 | |a Likvidácia spoločnosti je poslednou vlastníckou transakciou, ktorá je súčasťou existencie spoločnosti. Likvidácia je dlhodobý a náročný proces vedúci ku koncu existencie spoločnosti. Napriek negatívnemu vnímaniu je likvidácia prirodzenou súčasťou existencie obchodnej spoločnosti. Povinnosti účtovnej jednotky a likvidátora spoločnosti spojenej s likvidáciou, analýza účtovníctva a niektorých právnych aspektov tejto problematiky z hľadiska zaniknutej spoločnosti v súlade s platnou obchodnou a účtovnou legislatívou. | ||
| 610 | 2 | 0 | |a účtovníctvo |
| 610 | 2 | 0 | |a jednotka účtovná |
| 610 | 2 | 0 | |a spoločnosti obchodné |
| 610 | 2 | 0 | |a likvidácia |
| 610 | 2 | 0 | |a legislatíva |
| 610 | 2 | 0 | |a zákony |
| 100 | 1 | |a Podmanická, Martina, 1977- | |